Unidad en la libertad (Record no. 31125)

MARC details
000 -LEADER
campo de control de longitud fija 00716nam a2200229 i 4500
001 - NÚMERO DE CONTROL
campo de control 31125
003 - IDENTIFICADOR DE NÚMERO DE CONTROL
campo de control ES-MaACL
005 - FECHA Y HORA DE LA ÚLTIMA TRANSACCIÓN
campo de control 20250808005045.0
007 - CAMPO FIJO DE DESCRIPCIÓN FÍSICA--INFORMACIÓN GENERAL
campo de control de longitud fija t|
008 - DATOS DE LONGITUD FIJA--INFORMACIÓN GENERAL
campo de control de longitud fija 030128s1967 sp ||||1| spa d
100 1# - ENTRADA PRINCIPAL--NOMBRE DE PERSONA
Nombre de persona Bea, Agostino
Títulos y otros términos asociados al nombre Cardinale.
9 (RLIN) 26763
245 10 - MENCIÓN DEL TÍTULO
Título Unidad en la libertad
Resto del título : reflexiones sobre la familia humana /
Mención de responsabilidad, etc. Cardenal Bea.
260 ## - PUBLICACIÓN, DISTRIBUCIÓN, ETC.
Lugar de publicación, distribución, etc. [Madrid :
Nombre del editor, distribuidor, etc. Euroamérica,
Fecha de publicación, distribución, etc. 1967]
300 ## - DESCRIPCIÓN FÍSICA
Extensión 302 p. ;
Dimensiones 21 cm.
490 1# - MENCIÓN DE SERIE
Mención de serie Colección "Ceu". Serie "Hombre Nuevo"
650 04 - PUNTO DE ACCESO ADICIONAL DE MATERIA--TÉRMINO DE MATERIA
Término de materia o nombre geográfico como elemento de entrada Paz.
9 (RLIN) 15898
650 04 - PUNTO DE ACCESO ADICIONAL DE MATERIA--TÉRMINO DE MATERIA
Término de materia o nombre geográfico como elemento de entrada Ecumenismo.
9 (RLIN) 12045
650 #4 - PUNTO DE ACCESO ADICIONAL DE MATERIA--TÉRMINO DE MATERIA
Término de materia o nombre geográfico como elemento de entrada Libertad religiosa.
9 (RLIN) 14416
830 00 - PUNTO DE ACCESO ADICIONAL DE SERIE-TÍTULO UNIFORME
Título uniforme Colección "Ceu".
Nombre de parte o sección de la obra Hombre nuevo
9 (RLIN) 229362
852 ## - LOCALIZACIÓN
Ubicación ES-MaACL
Número de control de estantería C-33772
Sublocalización o colección R.64786
Holdings
Estatus retirado Estado de pérdida Estado de daño No para préstamo Biblioteca de origen Biblioteca actual Ubicación en estantería Fecha de adquisición Fuente de adquisición Total de préstamos Signatura topográfica completa Código de barras Visto por última vez Precio de reemplazo Tipo de ítem Koha
        Biblioteca del Ateneo de Madrid Biblioteca del Ateneo de Madrid Depósito 2 17/01/2008     C-33772 1032155 23/02/2023 23/02/2023 Libro impreso